| 000 | 01313nam0a22003131 4500 | ||
|---|---|---|---|
| 001 | rc\3452929 | ||
| 005 | 20260414180957.0 | ||
| 021 |
_aRU _b74-9957 |
||
| 021 |
_aRU _bРг2628-74 |
||
| 035 | _a(NLR Aleph) 007881940 | ||
| 090 |
_a7923376 _c7923376 |
||
| 100 | _a20130115d1973 u y0rusy50 ca | ||
| 101 | 0 | _arus | |
| 102 | _aRU | ||
| 105 | _ay z ||||| | ||
| 200 | 1 |
_aОрганизация производственной практики 2 курса строительной специальности _eУчеб.-метод. пособие _fПушкин. воен. строит.-техн. училище |
|
| 210 |
_aПушкин _cБ. и. _d1973 |
||
| 215 |
_a15 с. _d21 |
||
| 300 | _aНа 2-й с. обл.: разраб. Кондратенко Б.А., Петухов С.П. | ||
| 532 | 1 | 1 | _aОрганизация производственной практики второго курса строительной специальности |
| 702 | 1 |
_aКондратенко _bБ. А. _4220 |
|
| 702 | 1 |
_aПетухов _bС. П. _gСергей Петрович _4220 |
|
| 712 | 0 | 2 |
_aПушкинское воен. строит.-техн. училище _4570 |
| 801 | 0 |
_aRU _bNLR _gpsbo |
|
| 801 | 1 |
_aRU _bELAR _2rusmarc |
|
| 852 |
_aNLR _j73-4/45592 |
||
| 942 | _cBOOK | ||
| 980 | _aNB | ||